| 000 | 00939nam a2200265 i 4500 | ||
|---|---|---|---|
| 001 | bg | ||
| 100 | 1 |
_aFiedorowicz, Grzegorz _d(1931- ). |
|
| 245 | 1 | 0 |
_aTechnika w chowie bydła : _bterminologia : monografia / _cGrzegorz Fiedorowicz, Wacław Romaniuk ; Instytut Budownictwa, Mechanizacji i Elektryfikacji Rolnictwa. |
| 260 |
_aWarszawa : _bInstytut Budownictwa, Mechanizacji i Elektryfikacji Rolnictwa, _c2006. |
||
| 300 |
_a202 s. ; _c25 cm. |
||
| 504 | _aBibliogr. s. 183. | ||
| 650 | 9 |
_aZootechnika _xterminologia |
|
| 655 | _aSłowniki polskie | ||
| 700 | 1 | _aRomaniuk, Wacław | |
| 015 | _aPB 19411/2007 | ||
| 020 | _a8389806169 | ||
| 040 | _cBPK | ||
| 041 | _apol | ||
| 044 | _aPOL | ||
| 080 | _a636(038)=162.1 | ||
| 920 | _a83-89806-16-9 | ||
| 942 | _cKS | ||
| 008 | 070831s2006 pl a |000 0 pol | ||
| 999 |
_c54981 _d54981 |
||
| 856 |
_uhttp://koha.tu.koszalin.pl/cgi-bin/koha/opac-detail.pl?biblionumber=54981 _yKatalog online BPK |
||